Statistics for NFL Starting QBs 2008

Click here to take the quiz!

General Stats

  • This quiz has been taken 105 times
  • The average score is 20 of 32

Answer Stats

TeamQuarterback% Correct
Pittsburgh SteelersBen Roethlisberger
99%
New York GiantsEli Manning
99%
Indianapolis ColtsPeyton Manning
99%
Baltimore RavensJoe Flacco
98%
New Orleans SaintsDrew Brees
93%
Dallas CowboysTony Romo
91%
Green Bay PackersAaron Rodgers
90%
Atlanta FalconsMatt Ryan
90%
San Diego ChargersPhilip Rivers
87%
Philadelphia EaglesDonovan McNabb
86%
Arizona CardinalsKurt Warner
85%
San Francisco 49ersAlex Smith
83%
Denver BroncosJay Cutler
83%
Seattle SeahawksMatt Hasselbeck
80%
Houston TexansMatt Schaub
80%
New York JetsBrett Favre
76%
New England PatiotsMatt Cassel
63%
Cincinnati BengalsRyan Fitzpatrick
59%
Carolina PanthersJake Delhomme
53%
Oakland RaidersJaMarcus Russell
53%
Jacksonville JaguarsDavid Garrard
47%
St. Louis RamsMarc Bulger
41%
Chicago BearsKyle Orton
40%
Washington RedskinsJason Campbell
36%
Cleveland BrownsDerek Anderson
34%
Miami DolphinsChad Pennington
33%
Tampa Bay BuccaneersJeff Garcia
30%
Tennessee TitansKerry Collins
28%
Detroit LionsDan Orlovsky
24%
Buffalo BillsTrent Edwards
10%
Minnesota VikingsGus Frerotte
6%
Kansas City ChiefsTyler Thigpen
6%

Score Distribution

Percentile by Number Answered

Percent of People with Each Score

Your Score History

You have not taken this quiz